000 00910nam a2200253Ia 4500
003 OSt
005 20221005103422.0
006 a|||||r|||| 00| 0
007 ta
008 221004b |||||||| |||| 00| 0 hin d
024 _a107611
037 _cTextual
040 _aCRL
_cCRL
_bhin
041 _2hin
_ahin
082 _aO152,6NSAx, L2
100 _aसक्सेना, लालताप्रसाद ‘ललित’
_9623666
245 0 _aआधुनिक बोध और परम्परा
246 _aĀdhunik bodh aur paramparā
260 _aजयपुर
_bनिर्मल प्रकाशन भारत
_c1972
300 _a219पृ0
_ccm.
650 _aहिन्दी साहित्य
942 _hO152,6NSAx, L2
_cTEXL
_2cc
999 _c1010050
_d1010050